| 000 | 00601nam a22001935i 4500 | ||
|---|---|---|---|
| 001 | 176227 | ||
| 003 | ES-MaACL | ||
| 005 | 20230906220026.0 | ||
| 008 | 160310s2002 sp |||| | spa d | ||
| 020 | _a84-95881-05-5 | ||
| 080 | _a821.111-4"18" | ||
| 100 | 0 |
_aColeridge, Samuel Taylor. _939581 |
|
| 245 | 1 | 0 |
_aEspíritus que habitan el arte / _cS.T. Coleridge ; [traducción, Daniel Casanovas]. |
| 250 | _a1ª ed. | ||
| 260 |
_aCastellón : _bEllago, _c2002. |
||
| 300 |
_a133 p. ; _c20 cm. |
||
| 700 | 1 |
_aCasanovas, Daniel. _9159043 |
|
| 852 |
_aES-MaACL _jL-30261 _z.- Donat. Miguel A. Velasco |
||
| 999 |
_c176227 _d176227 |
||